Del "phaseolous" a "les fabes asturianes (Record no. 169758)

MARC details
000 -LEADER
campo de control de longitud fija 01206nam a22002415i 4500
001 - NÚMERO DE CONTROL
campo de control 169758
003 - IDENTIFICADOR DE NÚMERO DE CONTROL
campo de control ES-MaACL
005 - FECHA Y HORA DE LA ÚLTIMA TRANSACCIÓN
campo de control 20230906214203.0
008 - DATOS DE LONGITUD FIJA--INFORMACIÓN GENERAL
campo de control de longitud fija 081125s1999 sp |||| | spa d
080 ## - NÚMERO DE LA CLASIFICACIÓN DECIMAL UNIVERSAL
Número de la Clasificación Decimal Universal 641.5(460.12)
080 ## - NÚMERO DE LA CLASIFICACIÓN DECIMAL UNIVERSAL
Número de la Clasificación Decimal Universal 634.775.4
100 0# - ENTRADA PRINCIPAL--NOMBRE DE PERSONA
Nombre de persona Gómez-Tabanera, José Manuel,
Fechas asociadas al nombre 1926-2011
9 (RLIN) 58165
245 10 - MENCIÓN DEL TÍTULO
Título Del "phaseolous" a "les fabes asturianes
Resto del título ; El higo chumbo o tuna en la Península Ibérica como producto de la transculturación amerindia : comunicaciones /
Mención de responsabilidad, etc. José Manuel Gómez-Tabanera.
260 ## - PUBLICACIÓN, DISTRIBUCIÓN, ETC.
Lugar de publicación, distribución, etc. Madrid :
Nombre del editor, distribuidor, etc. J. M. Gómez-Tabanera,
Fecha de publicación, distribución, etc. [1999]
300 ## - DESCRIPCIÓN FÍSICA
Extensión 29 p. ;
Dimensiones 21 cm.
500 ## - NOTA GENERAL
Nota general Comunicaciones presentadas por su autor en el I Congreso Internacional de Alimentación y Cultura, celebrado en Madrid del 22 al 24 de abril de 1998 en el Museo Nacional de Antropología.
650 14 - PUNTO DE ACCESO ADICIONAL DE MATERIA--TÉRMINO DE MATERIA
Término de materia o nombre geográfico como elemento de entrada Gastronomía-
Subdivisión geográfica Asturias (Comunidad Autónoma)
9 (RLIN) 138946
650 #4 - PUNTO DE ACCESO ADICIONAL DE MATERIA--TÉRMINO DE MATERIA
Término de materia o nombre geográfico como elemento de entrada Chumberas-
Subdivisión general Cultivo.
9 (RLIN) 138947
711 2# - ENTRADA AGREGADA--NOMBRE DE REUNIÓN
Nombre de congreso/reunión o jurisdicción como elemento de entrada Congreso Internacional de Alimentación y Cultura (
Número del congreso/reunión o número de parte o sección 1º.
Fecha del congreso o de la firma del tratado 1998.
Sede del congreso/Lugar de la reunión Madrid)
9 (RLIN) 138948
740 ## - ENTRADA AGREGADA--TÍTULO RELACIONADO/ANALÍTICO NO CONTROLADO
Título relacionado o analítico no controlado El higo chumbo o tuna en la Península Ibérica como producto de la transculturación amerindia.
852 ## - LOCALIZACIÓN
Ubicación ES-MaACL
Número de control de estantería 2238-F-17
itemnumber R.144090
Holdings
Estatus retirado Estado de pérdida Estado de daño No para préstamo Colección Biblioteca de origen Biblioteca actual Ubicación en estantería Fecha de adquisición Fuente de adquisición Total de préstamos Signatura topográfica completa Código de barras Visto por última vez Precio de reemplazo Tipo de ítem Koha
        Colección de folletos Biblioteca del Ateneo de Madrid Biblioteca del Ateneo de Madrid Depósito folletos 25/11/2008     2238-F-17 1178228 23/02/2023 23/02/2023 Folleto